000 00430cam a22001217a 4500
008 180718b1966 xxu||||| |||| 00| 0 eng d
082 _aA81x54 In2/61/16/Pt6/4
100 _aCensus of India 1961
245 _aWest Bengal and Sikkim village survey monograph on Raibaghini
260 _aDelhi
_bThe Manager of Publications
_c1966
300 _a201+p.
440 _aCensus of India 1961. Volume XVI, West Bengal and Sikkim. Part VI (iv)
999 _c484599
_d484599